Uefa Ranking without teams of the top 5 leagues - Statistiken

Allgemein
  • Dieses Quiz wurde 67 mal gespielt
  • Das Durchschnittsergebnis liegt bei 7 aus 20
Antwortstatistiken
Place Team % Korrekt
15. Benfica
93%
29. Ajax
89%
18. Porto
82%
26. Feyenoord
66%
27. PSV Eindhoven
62%
24. Brugge
51%
47. Fenerbahçe
49%
48. Braga
38%
44. RB Salzburg
34%
25. Rangers
28%
38. Dinamo Zagreb
26%
43. Bodo/Glimt
25%
52. PAOK
18%
37. Olympiacos
15%
39. AZ Alkmaar
13%
49. Copenhagen
5%
41. Slavia Prague
5%
35. Sporting CP
2%
50. FK Crvena Zvezda
0%
40. Shakthar Donetsk
0%
Keine übereinstimmenden Quizze gefunden
Verteilung der Resultate
Anzahl Personen mit jedem Resultat
Perzentil nach korrekt beantworteten Fragen
Ihre Resultats-Entwicklung
Sie haben dieses Quiz noch nicht gespielt